[Event "FRA-chT U20 0203"]
[Site "Clichy"]
[Date "2002.12.01"]
[Round "2.8"]
[White "Guthmann, Elie"]
[Black "Lemeille, Francois"]
[Result "0-1"]
[WhiteElo "1270"]
[BlackElo "1230"]
[PlyCount "56"]
[EventDate "2002.12.??"]
[EventType "team"]
[EventRounds "11"]
[EventCountry "FRA"]
[SourceTitle "EXT 2004"]
[Source "ChessBase"]
[SourceDate "2003.11.25"]
[SourceVersion "1"]
[SourceVersionDate "2003.11.25"]
[SourceQuality "1"]
[WhiteTeam "Clichy"]
[BlackTeam "Bois Colombes"]
[WhiteTeamCountry "FRA"]
[BlackTeamCountry "FRA"]

1. e4 e5 2. Nf3 Nc6 3. Bc4 Nf6 4. d3 Bc5 5. 0-0 0-0 6. c3 d6 7. h3 Be6 8. Bb5 a6 9. Ba4 b5 10. Bc2 b4 11. d4 exd4 12. cxd4 Bb6 13. Nbd2 Nxd4 14. e5 Nxf3+ 15. Qxf3 dxe5 16. Ne4 Bd5 17. Nxf6+ gxf6 18. Qf5 Re8 19. Qxh7+ Kf8 20. Qh6+ Ke7 21. Rd1 Rh8 22. Qd2 c6 23. Qxb4+ Ke8 24. Ba4 Rc8 25. Qd2 Ke7 26. Qc2 Qg8 27. g3 Rxh3 28. b3 Rh1# 0-1

[Event "FRA-chT U20 0203"]
[Site "Clichy"]
[Date "2002.12.01"]
[Round "3.9"]
[White "Guthmann, Elie"]
[Black "Palacios Aguilar, Diego Andre"]
[Result "0-1"]
[WhiteElo "1270"]
[BlackElo "1490"]
[PlyCount "102"]
[EventDate "2002.12.??"]
[EventType "team"]
[EventRounds "11"]
[EventCountry "FRA"]
[SourceTitle "EXT 2004"]
[Source "ChessBase"]
[SourceDate "2003.11.25"]
[SourceVersion "1"]
[SourceVersionDate "2003.11.25"]
[SourceQuality "1"]
[WhiteTeam "Clichy"]
[BlackTeam "Paris NAO"]
[WhiteTeamCountry "FRA"]
[BlackTeamCountry "FRA"]

1. e4 e5 2. Nf3 Nc6 3. Bc4 Be7 4. 0-0 d6 5. h3 Nf6 6. d3 Be6 7. Bb5 0-0 8. c3 Qd7 9. Re1 a6 10. Ba4 Ne8 11. Nbd2 f5 12. Nf1 f4 13. d4 b5 14. Bc2 Bc4 15. d5 Na5 16. b4 Bxf1 17. Kxf1 Nb7 18. Qd3 Rc8 19. a4 c5 20. dxc6 Qxc6 21. Bb3+ Kh8 22. Bd5 Qb6 23. a5 Qc7 24. Be6 Qxc3 25. Ra3 Qxd3+ 26. Rxd3 Rc2 27. Bb3 Rc7 28. Bd5 Nf6 29. Bb3 Rfc8 30. Ba3 Rc3 31. Rxc3 Rxc3 32. Rb1 Nxe4 33. Bd5 Rxa3 34. Bxe4 Nd8 35. Ke1 g6 36. Nh2 Kg7 37. Ke2 Kf6 38. Ng4+ Ke6 39. Rd1 Ra2+ 40. Kf1 Rb2 41. Bd5+ Kf5 42. Be4+ Kxe4 43. f3+ Kf5 44. Nh6+ Kg5 45. Ng4 Nf7 46. Rc1 Nh6 47. Nxh6 Kxh6 48. Rc7 Bh4 49. Rc6 Rf2+ 50. Kg1 Re2 51. Rxa6 Re1+ 0-1

[Event "FRA-chT U20 0203"]
[Site "Clichy"]
[Date "2002.11.30"]
[Round "1.9"]
[White "Guthmann, Elie"]
[Black "Sochacki, Christophe"]
[Result "0-1"]
[WhiteElo "1270"]
[BlackElo "1580"]
[PlyCount "82"]
[EventDate "2002.12.??"]
[EventType "team"]
[EventRounds "11"]
[EventCountry "FRA"]
[SourceTitle "EXT 2004"]
[Source "ChessBase"]
[SourceDate "2003.11.25"]
[SourceVersion "1"]
[SourceVersionDate "2003.11.25"]
[SourceQuality "1"]
[WhiteTeam "Clichy"]
[BlackTeam "AECE"]
[WhiteTeamCountry "FRA"]
[BlackTeamCountry "FRA"]

1. e4 c5 2. Nf3 Nc6 3. Bb5 a6 4. Bxc6 dxc6 5. Nc3 b5 6. Ne5 Qd6 7. Nf3 Bg4 8. h3 Bh5 9. 0-0 Qc7 10. Qe2 e6 11. Qe3 Bxf3 12. Qxf3 Qe5 13. Re1 Bd6 14. g3 f5 15. d3 0-0-0 16. Bf4 Qd4 17. Bxd6 Qxd6 18. e5 Qd7 19. Qe3 Qd4 20. Qg5 Rd7 21. Re3 Qb4 22. Rb1 h5 23. Qg6 Re7 24. h4 Rh6 25. Qg5 Rf7 26. a3 Qd4 27. Ne2 Qg4 28. Qxg4 hxg4 29. Nf4 Rd7 30. c4 g6 31. d4 cxd4 32. Rd1 c5 33. cxb5 axb5 34. Rb3 Rdh7 35. Rxb5 g5 36. Nd3 gxh4 37. Nxc5 Kc7 38. Ra5 Kb6 39. Nb3 hxg3 40. fxg3 Rh1+ 41. Kf2 R7h2# 0-1